都市対抗野球大会の歴代優勝チーム - Statistics

General Stats
  • This quiz has been taken 93 times
    92 since last reset
  • The average score is 25 of 93
Answer Stats
大会回数 都市 チーム名 % Correct
87 豊田市 トヨタ自動車
92%
94 豊田市 トヨタ自動車
92%
82 東京都 JR東日本
80%
93 横浜市 ENEOS
71%
89 大阪市 大阪ガス
66%
58 浜松市 ヤマハ
63%
61 浜松市 ヤマハ
63%
92 東京都 東京ガス
63%
55 横須賀市 日産自動車
57%
69 横須賀市 日産自動車
57%
49 川崎市 東芝
53%
54 川崎市 東芝
53%
59 川崎市 東芝
53%
62 川崎市 東芝
53%
70 川崎市 東芝
53%
78 川崎市 東芝
53%
81 川崎市 東芝
53%
85 大垣市 西濃運輸
53%
80 狭山市 Honda
53%
91 狭山市 Honda
53%
56 大阪市 日本生命
51%
63 大阪市 日本生命
51%
68 大阪市 日本生命
51%
86 大阪市 日本生命
51%
88 東京都 NTT東日本
46%
77 にかほ市 TDK
46%
53 和歌山市 住友金属
42%
75 春日井市 王子製紙
42%
83 横浜市 JX-ENEOS
34%
84 横浜市 JX-ENEOS
34%
11 八幡市(福岡県) 八幡製鐵
32%
25 八幡市(福岡県) 八幡製鐵
32%
35 浦和市 日本通運
32%
27 横浜市 日本石油
29%
29 横浜市 日本石油
29%
32 横浜市 日本石油
29%
33 横浜市 日本石油
29%
38 横浜市 日本石油
29%
57 横浜市 日本石油
29%
64 横浜市 日本石油
29%
66 横浜市 日本石油
29%
72 浜松市 河合楽器
28%
90 千葉市 JFE東日本
28%
48 神戸市 神戸製鋼
25%
67 和光市 本田技研
22%
60 東京都 プリンスホテル
20%
42 姫路市 新日本製鐵広畑
16%
24 吉原市 大昭和製紙
15%
41 富士市 大昭和製紙
15%
51 富士市 大昭和製紙
15%
28 東京都 熊谷組
14%
31 東京都 熊谷組
14%
37 東京都 熊谷組
14%
50 広島市 三菱重工広島
14%
65 鈴鹿市 本田技研鈴鹿
14%
73 藤沢市 いすゞ自動車
14%
74 川崎市 三菱ふそう川崎
14%
76 川崎市 三菱ふそう川崎
14%
43 浜松市 日本楽器
13%
71 川崎市 三菱自動車川崎
13%
52 東京都 電電東京
11%
79 横浜市 新日本石油ENEOS
11%
40 千葉市 電電関東
10%
44 川崎市 日本鋼管
10%
46 千葉市 電電関東
10%
47 川崎市 日本鋼管
10%
14 京城府 全京城
9%
16 京城府 全京城
9%
45 白老町 大昭和製紙北海道
9%
1 大連市 満州倶楽部
6%
3 大連市 満州倶楽部
6%
4 東京市 東京倶楽部
6%
5 東京市 東京倶楽部
6%
6 神戸市 全神戸
6%
7 東京市 東京倶楽部
6%
8 大阪市 全大阪
6%
9 東京市 東京倶楽部
6%
10 門司市 門司鉄道局
6%
12 東京市 藤倉電線
6%
13 東京市 藤倉電線
6%
39 姫路市 富士製鐵広畑
6%
17 岐阜市 大日本土木
5%
18 岐阜市 大日本土木
5%
20 別府市 星野組
5%
30 松山市 丸善石油
5%
19 福岡市 西日本鉄道
4%
21 大阪市 全鐘紡
4%
22 大阪市 全鐘紡
4%
23 大阪市 全鐘紡
4%
26 大阪市 全鐘紡
4%
2 大連市 大連実業団
3%
34 京都市 積水化学
1%
36 大阪市 電電近畿
1%
No matching quizzes found
Score Distribution
Percent of People with Each Score
Percentile by Number Answered
Your Score History
You have not taken this quiz since the last reset